Adiós a la teoría de la dependencia

Guardat en:
Dades bibliogràfiques
Autor principal: Imaz, José Luis de
Format: Text
Publicat: San José :
Etiquetes: Afegir etiqueta
Sense etiquetes, Sigues el primer a etiquetar aquest registre!

MARC

LEADER 00000 a a2200000 04500
001 17697
003
040 |a CRAI/IIS  |c CRAI/IIS 
090 |a 000700  
100 |a Imaz, José Luis de  
245 |a Adiós a la teoría de la dependencia  
260 |a San José :  
300 |a 32 p  
999 |c 16138  |d 16138